000 00408nam a22001577a 4500
003 MPLRDC
005 20220104123413.0
008 210129b ||||| |||| 00| 0 eng d
082 _a447.116 SHL
100 _a沈惠麟编译
245 _a汽车电花点火原理及装置
_c
260 _a
_b大光出版社有限公司
_c1981
300 _b
650 _a汽车; 电动车
942 _cBK
_o447.116 SHL
999 _c11163
_d11153